| 000 | 00521nam a22002051a 4500 | ||
|---|---|---|---|
| 001 | 406 | ||
| 003 | OSt | ||
| 005 | 20260204211651.0 | ||
| 008 | 031127s1992||||sp ||||||b||||||||||spa|| | ||
| 020 | _a9580411492 | ||
| 050 | _a415 E14i | ||
| 082 | _a415 E14i | ||
| 100 | _aEscarpanter, José | ||
| 245 | _aIntroducción a la moderna gramática española / José Escarpanter | ||
| 264 | _aEspaña : Norma | ||
| 300 | _a265 p. | ||
| 500 | _aIncluye indice | ||
| 650 | _a1.Gramática - Lengua EspañolaÌ | ||
| 942 |
_2ddc _cBK |
||
| 999 |
_c406 _d406 |
||